|
|
|
|
| LEADER |
00000cam a2200000 a 4500 |
| 001 |
vtls010179860 |
| 003 |
SK-MaSNL |
| 005 |
20260331205954.0 |
| 008 |
180801s2010 xo a b 000 0 slo |
| 015 |
|
|
|a SNBA2011/05-02607
|
| 020 |
|
|
|q (viaz.)
|
| 040 |
|
|
|a SNK
|b slo
|c SNK
|e AACR2
|
| 041 |
0 |
|
|a slo
|
| 043 |
|
|
|a e-xo---
|
| 044 |
|
|
|a xo
|c SK
|
| 072 |
|
7 |
|a 373.2/.3
|x Predškolská a primárna výchova a vzdelávanie
|2 konspekt
|
| 072 |
|
7 |
|a 0/9-053.2
|x Literatúra pre deti a mládež (náučná)
|2 konspekt
|
| 080 |
|
|
|a 373.2
|2 2001
|
| 080 |
|
|
|a 159.955
|2 2001
|
| 080 |
|
|
|a 159.946.4
|2 2001
|
| 080 |
|
|
|a (0.053.2)
|2 2001
|
| 080 |
|
|
|a (076.1)
|2 2001
|
| 100 |
1 |
|
|a Maráková, Ivana,
|d 1966-
|4 ill
|9 326198
|
| 245 |
1 |
0 |
|a Moderná kniha predškoláka
|b hry a úlohy pre chlapcov a dievčatá
|c ilustrácie Ivana Maráková, Romana Šíchová, Antonín Šplíchal
|
| 250 |
|
|
|a 1. vyd.
|
| 260 |
|
|
|a Bratislava
|b Fragment
|c 2010
|
| 300 |
|
|
|a [160] s.
|b ilustr.
|c 30 cm
|
| 500 |
|
|
|a Názov z obalu
|
| 521 |
|
|
|a Pre deti od 5 rokov
|
| 650 |
0 |
7 |
|a rozvoj myslenia
|2 SNKPH
|9 3967
|
| 650 |
0 |
7 |
|a predškolská výchova
|2 SNKPH
|9 3959
|
| 650 |
0 |
7 |
|a grafomotorika
|2 SNKPH
|9 27199
|
| 655 |
|
7 |
|a publikácie pre deti
|2 SNKPH
|9 70148
|
| 655 |
|
7 |
|a pracovné zošity
|2 SNKPH
|9 70188
|
| 700 |
1 |
|
|a Šíchová, Romana,
|d 1971-
|4 ill
|9 325338
|
| 700 |
1 |
|
|a Šplíchal, Antonín,
|d 1947-
|4 ill
|9 86269
|
| 968 |
|
|
|d 37
|
| 999 |
|
|
|c 576113
|d 578043
|
| 952 |
|
|
|a SNK
|b SNK
|y PREZ
|7 0
|p 17A0686562
|o snkOSB 16142
|i snk2011/3144
|8 0
|0 0
|1 0
|4 0
|d 2011-02-10
|l 0
|r 2026-02-23 14:32:29
|w 2026-02-23
|
| 952 |
|
|
|a SNK
|b SNK
|y VYP
|7 0
|p 17A0686561
|o snkOSB 16142 D1
|i snk2011/3146
|8 0
|0 0
|1 0
|4 0
|d 2011-02-10
|l 0
|r 2026-02-23 14:32:29
|w 2026-02-23
|